Callum's Corner Trivia - Statistics

General Stats
  • This quiz has been taken 198 times
  • The average score is 12 of 15
Answer Stats
Question Answer % Correct
What is the name of Callum's crazy vegan sister? Aimee
92%
Who is Eddie? Callum's nephew
92%
Which of these is Callum's favourite meal? Full English breakfast
92%
What do some of Callum's haters look like? Jacket potatoes with glasses on them
92%
What was Callum's job? A care worker
88%
What does Callum do with peanut M&Ms? Crushes them between his fingers
88%
Who is Callum NOT friends with? Gareth
88%
Which of these was Callum's legal name as a teenager? Sanjay Bennet
88%
Callum's dog is named after a character from which book? Of Mice and Men
83%
What did the employees call Callum's ex-boss? Chubba the Hutt
79%
What is Callum's signature move? Spinning elbow
79%
What is Callum's best family recipe? Adams Cake
75%
Which of these is NOT the name of one of Callum's guinea pigs? JFK
75%
Which of these has Callum done? Been caught defecating in a bush by a dog
58%
What dish did Callum invent? Jamaica flakes
46%
No matching quizzes found
Score Distribution
Percent of People with Each Score
Percentile by Number Answered
Your Score History
You have not taken this quiz